| 000 | 00833nam a22002417a 4500 | ||
|---|---|---|---|
| 999 |
_c20202 _d20202 |
||
| 003 | AR-CdUCM | ||
| 008 | 190527b ||||| |||| 00| 0 spa d | ||
| 040 |
_aMUNICIPALIDAD PROVINCIAL DEL CUSCO _cBIBLIOTECA MUNICIPAL DEL CUSCO |
||
| 041 | _heng | ||
| 082 |
_a636.084 / _bM79C |
||
| 100 |
_aMorrison, Frank Barron _942222 |
||
| 245 | _aCompendio de alimentación del ganado / | ||
| 260 |
_aMexico: _bU.T.E.H.A, _c1977. |
||
| 300 |
_a719 páginas _c23 cm. _bFiguras y cuadros |
||
| 505 | _aContenido: Fundamentos de la nutrición animal -- Productos alimenticios -- Alimentación de los animales de granja... | ||
| 650 |
_aGanja _942223 |
||
| 650 |
_aAnimales _9917 |
||
| 650 |
_aPastos _921174 |
||
| 650 |
_aForrajes _942224 |
||
| 700 |
_aDe La Loma, Jose Luis (traductor) _942225 |
||
| 942 |
_2ddc _cLIBROS |
||
| 945 | _aJavier | ||